LEADER 00849nas a2200229 i 4500 001 000000240300 003 CaOOAMICUS 005 20150326000000.0 008 150326b1868 xx uu u0 0lat r 013 $a219205 040 $aSeMil$bita 245 10$a1868. 260 $aMilano :$bAgnelli Jacobus Impress. Archiep.,$c1868. 300 $a90 p. ;$c21 cm. 500 $aFondo card. C. M. Martini. 773 0 $tCalendarium Ambrosianum.$dMediolani : Typis Galeatium & filios impressores archiepiscopales, 1800-1969.$w()2075 850 $aSeMil 852 $aSeMil$W1$xVenegono$y1$m203 4 1/69$j190646$B190646$CSeMilBibl$Z2$F201495 $85 941 1 $a4 961 $aLascito: Martini Card. Carlo Maria 996 $6245$a1868$9(OLS)http://semarc/title/130742 996 $6260$aMilano :$bAgnelli Jacobus Impress. Archiep.$9(OLS)http://semarc/publisher/44629 LEADER 01193nam a2200229 i 4500 001 000000197622 003 CaOOAMICUS 005 20110217000000.0 008 110217n it u000 u ita u 013 $a176309 040 $aSeMil$bita 100 1 $aACLI : Ufficio Centrale Assistenti.$0(OLS)http://semarc/name/71518 245 10$aScuola sociale per il Clero :$b3ª e 4ª Sessione : Villa Cagnola, Gazzada (Varese), 22 aprile-19 maggio 1951 /$cACLI Ufficio Centrale Assistenti. 260 $aMilano :$bIstituto Sociale Ambrosiano,$c[1951] 300 $a19 p. ;$c17 cm. 650 4$aACLI - Dottrina sociale.$0(OLS)http://semarc/subject/17595 650 4$aACLI [e] Chiesa.$0(OLS)http://semarc/subject/21393 850 $aSeMil 852 $aSeMil$W1$xVenegono$y1$m5D VIII 11/22$j148178$B148178$CSeMilBibl$Z2$F159607 $81 961 $aOmaggio: Altro 996 $6245$aScuola sociale per il Clero :$b3ª e 4ª Sessione : Villa Cagnola, Gazzada (Varese), 22 aprile-19 maggio 1951$9(OLS)http://semarc/title/285380 996 $6260$aMilano :$bIstituto Sociale Ambrosiano$9(OLS)http://semarc/publisher/31712